banner-ar

DOPPLER READER AND WEATHER OBSERVATIONS, 2nd ed. / (Record no. 11559)

MARC details
000 -الفاتح
حقل البيانات ثابتة الطول 00526nam a2200193Ia 4500
008 - عناصر البيانات ثابتة الطول - معلومات عامة
حقل البيانات ثابتة الطول 140319s9999 xx 000 0 eng d
040 ## - مصدر الفهرسة
وكالة الفهرسة الأصلية GCL /
وكالة النسخ GCL
082 04 - رقم تصنيف ديوى العشرى
رقم التصنيف 551.6353
رقم المادة D D
100 1# - المدخل الرئيسى - إسم شخصى
الإسم الشخصى DOVIAK, RICHARD J.
245 10 - بيان العنوان
العنوان DOPPLER READER AND WEATHER OBSERVATIONS, 2nd ed. /
بيان المسئوليه,etc DOVIAK, RICHARD J.
700 1# - المدخل الاضافى - اسم شخصى
الإسم الشخصى ZRNIC, DUSEN S.
300 ## - الوصف المادى
التعداد 562 P
650 04 - المدخل الاضافى بالموضوع-مصطلح موضوعى
مصطلح موضوعي RADAR METEOROLOGY
650 04 - المدخل الاضافى بالموضوع-مصطلح موضوعى
مصطلح موضوعي OBSERVATIONS
650 04 - المدخل الاضافى بالموضوع-مصطلح موضوعى
مصطلح موضوعي DOPPLER RADAR
942 ## - عناصر المدخل الإضافي( كوها)
مصدر التصنيف او مخطط الترفيف Dewey Decimal Classification
Koha [default] item type كتاب
260 ## - PUBLICATION, DISTRIBUTION, ETC. (IMPRINT)
-- [S.N] :
-- ACADEMIC PRESS LIMITED.
Holdings
حالة التراجع حالة الفقد حالة تلف ليس للاعارة المكان المؤقت الموقع الحالى تاريخ الاكتساب اجمالي اﻻعارات رقم الطلب الباركود تاريخ اخر مشاهدة تاريخ تفعيل السعر نوع وعاء كوها
        مكتبة القاهرة الكبرى مكتبة القاهرة الكبرى 03/26/2014   551.6353\D D 22793 03/26/2014 03/26/2014 كتاب

Powered By

EGPV